000 00541nam a22001817a 4500
008 150327b xxu||||| |||| 00| 0 eng d
020 _a9780071787109
041 0 _aeng
080 _a330.322
100 _aViskanta, Tadas E.
245 1 0 _aAbnormal returns :
_cby Tadas Viskanta.
260 _aNew York :
_bMcGraw-Hill,
_c2012.
300 _a223 f.;
_c24 cm.
505 _aIndex: f.219-223
650 0 _aInvestime
650 0 _aAnaliza e investimeve
942 _2udc
_cBK
999 _c552
_d552